000 00409nam a2200181Ia 4500
001 372
005 20260306140513.0
008 260306t2009||||xx |||||||||||||| ||spa||
041 _aESP
082 _a110
_bD65
100 _aDewan, Lawrence
_eAUT
245 0 _aLecciones de MetafĂ­sica
260 _c2009
300 _a213 páginas :
_c24 cm.
650 _aGEN
654 _aCHU
942 _cLIB
_dJUS
_fJUS
_2ddc
_n
999 _c372
_d372